UBT Library

Socialism and the literary imagination : (Record no. 42304)

000 -LEADER
fixed length control field 00768pam a2200241 a 4500
001 - CONTROL NUMBER
control field 2014302
005 - DATE AND TIME OF LATEST TRANSACTION
control field 20180212040132.0
008 - FIXED-LENGTH DATA ELEMENTS--GENERAL INFORMATION
fixed length control field 910415s1991 nyu b 001 0 eng
010 ## - LIBRARY OF CONGRESS CONTROL NUMBER
LC control number 91017769
020 ## - INTERNATIONAL STANDARD BOOK NUMBER
International Standard Book Number 0854966439
040 ## - CATALOGING SOURCE
Original cataloging agency DLC
Transcribing agency DLC
Modifying agency DLC
041 ## - LANGUAGE CODE
Language code of text/sound track or separate title eng
043 ## - GEOGRAPHIC AREA CODE
Geographic area code e-gx---
080 ## - UNIVERSAL DECIMAL CLASSIFICATION NUMBER
Universal Decimal Classification number 830.99431 KAN
082 00 - DEWEY DECIMAL CLASSIFICATION NUMBER
Classification number 830.99431 KAN
Edition number 20
100 ## - Rafti
Rafti 21
101 ## - Shkurtesa
Shkurtesa GJL
245 00 - TITLE STATEMENT
Title Socialism and the literary imagination :
Statement of responsibility, etc edited by Martin Kane.
504 ## - BIBLIOGRAPHY, ETC. NOTE
Bibliography, etc Includes bibliographical references and index.
906 ## - LOCAL DATA ELEMENT F, LDF (RLIN)
a 7
b cbc
c orignew
d 1
e ocip
f 19
g y-gencatlg
942 ## - ADDED ENTRY ELEMENTS (KOHA)
Source of classification or shelving scheme
Item type Books
Holdings
Withdrawn status Lost status Source of classification or shelving scheme Damaged status Not for loan Collection code Permanent location Current location Shelving location Date acquired Total Checkouts Full call number Barcode Date last seen Price effective from Koha item type
          Koleksioni i përgjithshem UBT - Lipjan UBT - Lipjan Koleksioni i përgjithshem 02/12/2018   830.99431 KAN 002-2998673 02/12/2018 02/12/2018 Books
UBT Library © 2015-2024. All rights reserved University Education for Business and Technology